00686nam a2200193Ia 4500008004100000020001500041082001600056100002400072245009600096250000700192260004200199300003000241500001900271600003300290650001500323942000700338952013000345999001700475240925s9999 xx 000 0 und d a8131701670 a808.066 ROS aRosenberg ,Barry J. 0aSpring into Technical Writing: for engineers and scientists the smart professional's choice aNA aNew Delhi:bPearson Educationc,2005. axvi,783p.bN.AfPhotocopy aIncludes Index aHumanities & Natural Science aLiterature cBK 001040708HUMaUITUbUITUd2011-03-04eFair Book Centerg395.00l0o808.066 ROSpQ8607r2024-09-25 07:15:01w2024-09-25yBK c11106d11106